000 00337nam a2200145Ia 4500
008 191201s2011 xx 000 0 und d
082 _a004.22
_bGIP
100 _aGILSTER, Ron
245 0 _aPC Hardware A Beginner's Guide
250 _aRep
260 _aN.Delhi
_bTMH
_c2011
300 _a651
650 _aB.Tech(CSE)
942 _2ddc
_cBK
999 _c5722
_d5722